000 00392nam a2200169Ia 4500
001 5461
003 IN-NITTTR
005 20251114233009.0
008 251113s9999||||xx |||||||||||||| ||eng||
040 _beng
040 _cIN-NITTTR
041 _aeng
082 _a808.0666 C784W
100 _aCooper, Bruce M.
245 0 _aWriting technical reports. /
_cCooper, Bruce M.
942 _2ddc
_cBK
999 _c8097
_d8097